Tercer Centenario del Quijote, mayo 1905. (Record no. 189569)

MARC details
000 -LEADER
campo de control de longitud fija 00681nam a2200169 i 4500
001 - NÚMERO DE CONTROL
campo de control 189569
003 - IDENTIFICADOR DE NÚMERO DE CONTROL
campo de control ES-MaACL
005 - FECHA Y HORA DE LA ÚLTIMA TRANSACCIÓN
campo de control 20250713041044.0
008 - DATOS DE LONGITUD FIJA--INFORMACIÓN GENERAL
campo de control de longitud fija 190620s1905 sp |||| | spa d
245 00 - MENCIÓN DEL TÍTULO
Título Tercer Centenario del Quijote, mayo 1905.
260 ## - PUBLICACIÓN, DISTRIBUCIÓN, ETC.
Lugar de publicación, distribución, etc. [S.n. :
Nombre del editor, distribuidor, etc. s.l.,
Fecha de publicación, distribución, etc. 1905]
300 ## - DESCRIPCIÓN FÍSICA
Extensión 1 carpeta ;
Dimensiones cm.
505 8# - NOTA DE CONTENIDO CON FORMATO
Nota de contenido con formato Contiene: (Una gran carpeta con la colección de varios periódicos...)
600 14 - PUNTO DE ACCESO ADICIONAL DE MATERIA--NOMBRE DE PERSONA
Nombre de persona Cervantes Saavedra, Miguel de,
Fechas asociadas al nombre 1547-1616.
Título de la obra Don Quijote de la Mancha-
Subdivisión de forma Aniversarios y centenarios
9 (RLIN) 37614
852 ## - LOCALIZACIÓN
Ubicación ES-MaACL
Número de control de estantería B-7739
Encuadernación - Ejemplar no examinado, catalogación con la información de la ficha topográfica
Holdings
Estatus retirado Estado de pérdida Estado de daño No para préstamo Biblioteca de origen Biblioteca actual Ubicación en estantería Fecha de adquisición Fuente de adquisición Total de préstamos Signatura topográfica completa Código de barras Visto por última vez Precio de reemplazo Tipo de ítem Koha
        Biblioteca del Ateneo de Madrid Biblioteca del Ateneo de Madrid Sala Pardo Bazán 20/06/2019     B-7739 1200876 23/02/2023 23/02/2023 Libro impreso